000 00718nam a22002531 4500
001 23045
003 BD-RjUL
005 20211209000903.0
008 140310r19561951enk 000 1 eng
035 _a(BD-RjUL)23110
040 _aDLC
_cDLC
_dDLC
_dBD-RjUL
_beng
041 1 _aengger
082 0 0 _a833.91
_bMAH 1956
100 1 _aMann, Thomas,
_d1875-1955.
_971076
245 1 4 _aThe Holy Sinner /
_ctranslated from the German by H. T. Lowe-Porter.
250 _a1st ed.
260 _aLondon :
_bSecker and Warburg,
_cc1951 [Reprinted 1956].
300 _avi, 280 p. ;
_c20 cm.
650 0 _aIncest
_vFiction.
_971077
942 _2ddc
_cBK
999 _c23045
_d23045